000 01161cam a2200325 i 4500
001 28798
003 Mx-PuUPA
005 20260317125345.0
008 140415s2001 mx gr 001 0 spa d
017 _a03-2001-030613332701-01
040 _cMx-PuUPA
_aMx-PuUPA
_bspa
_dMx-PuUPA
_erda
041 0 _aspa
043 _an-mx---
100 1 _aRojas Sánchez, Mario,
_910764
_eautor
245 1 0 _aGuadalupe, símbolo y evangelización :
_bla Virgen de Guadalupe se lee en Náuatl /
_cP. Mario Rojas Sánchez
250 _a1a edición /
_bmayo
264 1 _aMéxico, D.F.:
_bOthon Corona Sánchez,
_c2001
300 _a44 páginas :
_bilustraciones (blanco y negro) ;
_c28 cm
336 _2rdacontent
_atexto
_btxt
337 _2rdamedia
_asin medio
_bn
338 _2rdacarrier
_avolumen
_bnc
600 0 4 _aNuestra Señora de Guadalupe
600 0 4 _aVirgen de Guadalupe
_xArte
600 0 4 _aNuestra Señora de Guadalupe
_xCuadro milagroso
_zMéxico
_xHistoria
_y1531
650 7 _2armarc
_aArte mexicano
651 4 _aMéxico
_xVida religiosa y costumbres
942 _2ddc
_cLI
_h232.917
_iR74
999 _c28798
_d28798